[Event "Santiago de Cali op"]
[Site "Cali"]
[Date "2024.12.30"]
[Round "8"]
[White "Borrero, Alexander"]
[Black "Idrobo, Juan Manuel"]
[Result "1-0"]
[WhiteElo "2034"]
[BlackElo "1779"]
[PlyCount "109"]
[EventDate "2024.12.26"]
[EventType "swiss"]
[EventRounds "8"]
[EventCountry "COL"]
[SourceTitle "CB01_2025"]
[SourceDate "2025.01.01"]
[SourceVersion "1"]
[SourceVersionDate "2025.01.01"]
[SourceQuality "1"]

1. d4 Nf6 2. Nf3 c5 3. e3 d5 4. c3 Nc6 5. Bd3 Bg4 6. h3 Bh5 7. Nbd2 e6 8. 0-0 Bd6 9. Qe2 Rc8 10. dxc5 Bxc5 11. e4 dxe4 12. Nxe4 Nxe4 13. Bxe4 Qc7 14. b4 Bb6 15. b5 Ne5 16. Ba3 Nxf3+ 17. Bxf3 Bxf3 18. Qxf3 f6 19. Rfe1 Kf7 20. Qe4 Qc4 21. Qxb7+ Rc7 22. Qa6 Rhc8 23. Bb4 Rd8 24. Rad1 Rcd7 25. Rxd7+ Rxd7 26. a4 Qf4 27. Rf1 Bxf2+ 28. Kh1 Bg3 29. b6 Qb8 30. a5 axb6 31. axb6 Be5 32. c4 Bd4 33. c5 Qb7 34. Qb5 Rd5 35. Rc1 Rg5 36. Qe2 Qc6 37. Qf3 Rd5 38. Qa3 Kg6 39. Qd3+ Kf7 40. Qa3 h5 41. Qa7+ Rd7 42. Qb8 g5 43. Qh8 Kg6 44. Qe8+ Kh6 45. Rd1 e5 46. Bd2 Qd5 47. Be3 Rd8 48. Qb5 Kg6 49. Qb1+ Kh6 50. Qf5 Qc6 51. h4 Qxc5 52. Qxf6+ Kh7 53. Qxd8 Bxe3 54. Qd7+ Kh8 55. Qe8+ 1-0

[Event "Cali Valle Colombia op-B"]
[Site "Cali Valle Colombia"]
[Date "2022.12.29"]
[Round "7"]
[White "Moreno Castillo, Juan Sebastian"]
[Black "Idrobo, Juan Manuel"]
[Result "0-1"]
[WhiteElo "1512"]
[BlackElo "1809"]
[PlyCount "66"]
[EventDate "2022.12.26"]
[EventType "swiss"]
[EventRounds "8"]
[EventCountry "COL"]
[SourceTitle "CBM 211 Extra"]
[Source "ChessBase"]
[SourceDate "2023.01.31"]
[SourceVersion "1"]
[SourceVersionDate "2023.01.31"]
[SourceQuality "1"]

1. e4 d5 2. e5 Bf5 3. d4 e6 4. Nf3 Nd7 5. Bf4 c5 6. c3 Ne7 7. Bd3 Bxd3 8. Qxd3 Nc6 9. b3 Be7 10. 0-0 Qb6 11. Nbd2 0-0 12. Be3 Rac8 13. c4 Nb4 14. Qb1 cxd4 15. Bxd4 Qc7 16. a3 Nc6 17. Re1 Nxd4 18. Nxd4 Nxe5 19. Nb5 Qb8 20. cxd5 a6 21. Nd4 Bc5 22. Qe4 Qa7 23. N2f3 Nxf3+ 24. Qxf3 Bxd4 25. Rad1 Rc3 26. Qf4 e5 27. Rxe5 Bxe5 28. Qxe5 Rc2 29. Rf1 Rd8 30. Qe7 Qb6 31. Kh1 Qc7 32. Qe4 Rxf2 33. Rxf2 Qc1+ 0-1

[Event "Jamundi Valle Avanza op-B"]
[Site "Jamundi"]
[Date "2022.12.08"]
[Round "2"]
[White "Idrobo, Juan Manuel"]
[Black "Cortes Castro, Jhonny"]
[Result "0-1"]
[WhiteElo "1809"]
[BlackElo "1954"]
[PlyCount "54"]
[EventDate "2022.12.08"]
[EventType "swiss"]
[EventRounds "7"]
[EventCountry "COL"]
[SourceTitle "EXT 2024"]
[Source "ChessBase"]
[SourceDate "2023.10.10"]
[SourceVersion "1"]
[SourceVersionDate "2023.10.10"]
[SourceQuality "1"]

1. e4 c6 2. Nf3 d5 3. exd5 cxd5 4. d4 Bf5 5. Bb5+ Nd7 6. 0-0 Ngf6 7. Bf4 a6 8. Bd3 Bxd3 9. Qxd3 e6 10. Nbd2 Be7 11. Rae1 0-0 12. Ne5 Rc8 13. Re3 Nxe5 14. Bxe5 Ng4 15. Rh3 g6 16. Bf4 Bd6 17. Bh6 Nxh6 18. Rxh6 Bf4 19. Rh3 Bg5 20. f4 Bf6 21. Nf3 Qb6 22. b3 Qa5 23. Ng5 Rc3 24. Qd2 Rfc8 25. Nxh7 Bg7 26. Rff3 Rxf3 27. Qxa5 Bxd4+ 0-1

[Event "COL-ch U1800"]
[Site "Villamaria"]
[Date "2019.11.02"]
[Round "2"]
[White "Suarez Ardila, Luisa Maria"]
[Black "Idrobo, Juan Manuel"]
[Result "0-1"]
[WhiteElo "1529"]
[BlackElo "1754"]
[PlyCount "121"]
[EventDate "2019.11.01"]
[EventType "swiss"]
[EventRounds "7"]
[EventCountry "COL"]
[SourceTitle "CBM 193 Extra"]
[Source "ChessBase"]
[SourceDate "2020.01.31"]
[SourceVersion "1"]
[SourceVersionDate "2020.01.31"]
[SourceQuality "1"]

1. e4 d5 2. exd5 Nf6 3. Nf3 Qxd5 4. Nc3 Qd6 5. d4 c6 6. Be3 Bg4 7. Bd3 e6 8. a3 Nbd7 9. h3 Bh5 10. Be2 Qc7 11. Nd2 Bg6 12. Bf3 Be7 13. Nce4 Nb6 14. Nxf6+ gxf6 15. a4 h5 16. Ne4 0-0-0 17. 0-0 f5 18. Nc3 f4 19. Bc1 e5 20. a5 Nc4 21. b3 Rxd4 22. Qe1 Nxa5 23. Ne2 Nxb3 24. Rxa7 Kb8 25. Nxd4 Nxd4 26. Qa5 Qxa5 27. Rxa5 Nxf3+ 28. gxf3 b5 29. Bb2 Bd6 30. Rd1 Bc7 31. Ra6 Bxc2 32. Re1 Kb7 33. Ra3 b4 34. Ra2 b3 35. Ra4 Rg8+ 36. Kh2 e4 37. Rea1 Bb6 38. fxe4 Bxf2 39. Rb4+ Kc7 40. Be5+ Kd7 41. Bxf4 Ke7 42. Rf1 Bc5 43. Rb7+ Ke6 44. Re1 Bd4 45. Bc1 Be5+ 46. Kh1 Rg3 47. Ba3 Rxh3+ 48. Kg1 Rg3+ 49. Kh1 Rh3+ 50. Kg1 Bd4+ 51. Kg2 Re3 52. Re7+ Kf6 53. Rf1+ Kg6 54. Kh2 Rxe4 55. Rexf7 Be5+ 56. Kg2 b2 57. Rb7 b1Q 58. Rfxb1 Bxb1 59. Rxb1 Rf4 60. Kh1 Kf5 61. Rc1 0-1